Fouilles à Timgad 1938-1956.
Saved in:
| Format: | Book |
|---|---|
| Language: | French |
| Published: |
Paris :
Editions du Centre national de la recherche scientifique,
1981-
|
| Series: | Etudes d'Antiquités africaines.
|
| Subjects: | |
| Tags: |
Add Tag
No Tags, Be the first to tag this record!
|
| LEADER | 00857cam a2200265 a 4500 | ||
|---|---|---|---|
| 001 | 000095237-0 | ||
| 005 | 20020606090541.3 | ||
| 008 | 830705m19819999fr a b f00000 fre | ||
| 010 | |a 83169342 //r86 | ||
| 035 | 0 | |a ocm12236926 | |
| 040 | |a DLC |c DLC | ||
| 043 | |a ff----- | ||
| 245 | 0 | 0 | |a Fouilles à Timgad 1938-1956. |
| 260 | 0 | |a Paris : |b Editions du Centre national de la recherche scientifique, |c 1981- | |
| 300 | |a v. : |b ill. ; |c 28 cm. | ||
| 490 | 1 | |a Etudes d'Antiquités africaines | |
| 504 | |a Includes bibliographical references. | ||
| 505 | 1 | |a 1. La forteresse byzantine de Thamugadi / par Jean Lassus. | |
| 650 | 0 | |a Excavations (Archaeology) |z Algeria. | |
| 650 | 0 | |a Romans |z Algeria. | |
| 651 | 0 | |a Thamugadi (Extinct city) | |
| 651 | 0 | |a Algeria |x Antiquities, Roman. | |
| 830 | 0 | |a Etudes d'Antiquités africaines. | |
| 988 | |a 20020608 | ||
| 906 | |0 DLC | ||


